[Event "Box Hill Rainbow-ch"]
[Site "Box Hill"]
[Date "2000.06.06"]
[Round "5.9"]
[White "Symington, John"]
[Black "O'Connor, Phillip"]
[Result "1-0"]
[WhiteElo "1403"]
[BlackElo "1427"]
[PlyCount "31"]
[EventDate "2000.??.??"]
[EventType "swiss"]
[EventRounds "6"]
[EventCountry "AUS"]
[SourceTitle "EXT 2003"]
[Source "ChessBase"]
[SourceDate "2002.11.25"]
[SourceVersion "1"]
[SourceVersionDate "2002.11.25"]
[SourceQuality "1"]

1. e4 Nf6 2. Nc3 d6 3. Nf3 e6 4. d4 Nbd7 5. Bc4 c5 6. d5 e5 7. 0-0 Be7 8. Nh4 g6 9. Nf3 0-0 10. Qd2 Nh5 11. g3 f5 12. exf5 gxf5 13. Qh6 Nhf6 14. Ng5 Qe8 15. Ne6 Ng4 16. Qg7# 1-0

[Event "Box Hill CC-ch"]
[Site "Box Hill"]
[Date "2000.05.19"]
[Round "3.17"]
[White "Comopoulos, George"]
[Black "O'Connor, Phillip"]
[Result "1-0"]
[WhiteElo "1600"]
[BlackElo "1427"]
[PlyCount "69"]
[EventDate "2000.??.??"]
[EventType "swiss"]
[EventRounds "9"]
[EventCountry "AUS"]
[SourceTitle "EXT 2003"]
[Source "ChessBase"]
[SourceDate "2002.11.25"]
[SourceVersion "1"]
[SourceVersionDate "2002.11.25"]
[SourceQuality "1"]

1. e4 Nf6 2. Nc3 d6 3. Nf3 c5 4. Be2 Nbd7 5. 0-0 a6 6. a4 e6 7. d4 cxd4 8. Nxd4 Be7 9. Be3 Qc7 10. Qd2 b6 11. f4 0-0 12. Bf3 Bb7 13. Qf2 Rac8 14. Qg3 Rfd8 15. Rac1 Qb8 16. e5 dxe5 17. fxe5 Bxf3 18. exf6 Qxg3 19. hxg3 Nxf6 20. gxf3 Bc5 21. Nce2 e5 22. Nf5 Nd5 23. Bxc5 Rxc5 24. Rfd1 Re8 25. Nd6 Rb8 26. Ne4 Ne3 27. Nxc5 Nxd1 28. Nd7 Rc8 29. Rxd1 Rxc2 30. Rc1 Rxc1+ 31. Nxc1 b5 32. axb5 axb5 33. Nxe5 f6 34. Nc6 Kf7 35. b4 1-0

[Event "Box Hill Rainbow-ch"]
[Site "Box Hill"]
[Date "2000.05.16"]
[Round "3.10"]
[White "Sucevic, Andrew"]
[Black "O'Connor, Phillip"]
[Result "1/2-1/2"]
[WhiteElo "1415"]
[BlackElo "1427"]
[PlyCount "109"]
[EventDate "2000.??.??"]
[EventType "swiss"]
[EventRounds "6"]
[EventCountry "AUS"]
[SourceTitle "EXT 2003"]
[Source "ChessBase"]
[SourceDate "2002.11.25"]
[SourceVersion "1"]
[SourceVersionDate "2002.11.25"]
[SourceQuality "1"]

1. e4 Nf6 2. e5 Nd5 3. c4 Nb6 4. c5 Nd5 5. Bc4 e6 6. Bxd5 exd5 7. d4 Be7 8. Nc3 c6 9. Nge2 b6 10. cxb6 axb6 11. 0-0 d6 12. f4 dxe5 13. fxe5 0-0 14. Kh1 Be6 15. Nf4 Bd7 16. a3 Na6 17. Be3 Nc7 18. b4 Ne6 19. Nxe6 Bxe6 20. Ne2 Qc7 21. Qc2 f6 22. exf6 Bxf6 23. Bf4 Qa7 24. Qxc6 Bf7 25. Qb5 Rfe8 26. Qd3 Qa6 27. Qxa6 Rxa6 28. Be5 Bxe5 29. dxe5 Rxe5 30. Nd4 Bg6 31. Nf3 Re3 32. Rfd1 Be4 33. Ng5 Rexa3 34. Rxa3 Rxa3 35. Nxe4 dxe4 36. g3 Rb3 37. Rd4 e3 38. Re4 Kf7 39. Kg2 Rb2+ 40. Kf3 e2 41. Rxe2 Rxe2 42. Kxe2 Ke6 43. Ke3 Ke5 44. h3 b5 45. Kd3 Kd5 46. g4 h6 47. h4 g6 48. g5 hxg5 49. hxg5 Ke5 50. Ke3 Kf5 51. Kd4 Kxg5 52. Kc5 Kf5 53. Kxb5 g5 54. Ka6 Ke6 55. b5 1/2-1/2

[Event "Box Hill Autumn Cup"]
[Site "Box Hill"]
[Date "2000.02.25"]
[Round "4.20"]
[White "O'Connor, Phillip"]
[Black "Dutka, Janusz"]
[Result "0-1"]
[WhiteElo "1301"]
[BlackElo "1856"]
[PlyCount "100"]
[EventDate "2000.??.??"]
[EventType "swiss"]
[EventRounds "9"]
[EventCountry "AUS"]
[SourceTitle "EXT 2003"]
[Source "ChessBase"]
[SourceDate "2002.11.25"]
[SourceVersion "1"]
[SourceVersionDate "2002.11.25"]
[SourceQuality "1"]

1. d4 Nf6 2. c4 g6 3. Nc3 Bg7 4. g3 d6 5. Bg2 0-0 6. Nf3 c6 7. 0-0 Nbd7 8. e4 e5 9. dxe5 dxe5 10. Bg5 Qc7 11. Qe2 a5 12. Na4 b6 13. Nd2 Ba6 14. Rfc1 Qd6 15. a3 b5 16. Nc3 b4 17. Na4 Rfd8 18. Nb3 Qc7 19. Qc2 c5 20. Nd2 Nf8 21. b3 Ne6 22. Be3 Ng4 23. Nf1 Nd4 24. Qd1 Bc8 25. Ra2 Ra6 26. f3 Nf6 27. Nd2 Rad6 28. Qe1 Be6 29. h3 Nh5 30. Bf2 Bh6 31. Rb1 Bxd2 32. Rxd2 Nxf3+ 33. Bxf3 Rxd2 34. g4 Nf4 35. Bxc5 Nxh3+ 36. Kf1 Ng5 37. Bb6 Qd6 38. Bxd8 Nxf3 39. Qe3 Rd3 40. Qb6 Nd2+ 41. Kg2 Nxb1 42. Qxd6 Rxd6 43. Bc7 Rd2+ 44. Kh3 Rd3+ 45. Kh4 Rxb3 46. axb4 Rxb4 47. Nb6 a4 48. c5 a3 49. Bxe5 Rxe4 50. Ba1 Rxg4+ 0-1

[Event "Box Hill Autumn Cup"]
[Site "Box Hill"]
[Date "2000.02.18"]
[Round "3.8"]
[White "Partsi, Dimitry"]
[Black "O'Connor, Phillip"]
[Result "1-0"]
[WhiteElo "1746"]
[BlackElo "1301"]
[PlyCount "63"]
[EventDate "2000.??.??"]
[EventType "swiss"]
[EventRounds "9"]
[EventCountry "AUS"]
[SourceTitle "EXT 2003"]
[Source "ChessBase"]
[SourceDate "2002.11.25"]
[SourceVersion "1"]
[SourceVersionDate "2002.11.25"]
[SourceQuality "1"]

1. d4 d5 2. Nf3 Nf6 3. c4 e6 4. g3 b6 5. Bg2 Bb7 6. 0-0 Nbd7 7. b3 c5 8. cxd5 Nxd5 9. Bb2 Be7 10. dxc5 Bf6 11. Bxf6 Qxf6 12. e4 Qxa1 13. exd5 Bxd5 14. Qd2 Qf6 15. Nc3 Bxf3 16. Nb5 Rc8 17. cxb6 Nxb6 18. Nd6+ Ke7 19. Qb4 Kd7 20. Nb5 Rc6 21. Nxa7 Nd5 22. Qb5 Ne7 23. Nxc6 Nxc6 24. Qb7+ Kd6 25. Rd1+ Bd5 26. Rc1 Qe7 27. Rxc6+ Bxc6 28. Qxc6+ Ke5 29. Qe4+ Kd6 30. Qb4+ Kd7 31. Bc6+ Kd8 32. Qb8# 1-0

[Event "Box Hill Autumn Cup"]
[Site "Box Hill"]
[Date "2000.02.11"]
[Round "2.34"]
[White "O'Connor, Phillip"]
[Black "Gombik, Louis"]
[Result "1-0"]
[WhiteElo "1301"]
[BlackElo "1279"]
[PlyCount "89"]
[EventDate "2000.??.??"]
[EventType "swiss"]
[EventRounds "9"]
[EventCountry "AUS"]
[SourceTitle "EXT 2003"]
[Source "ChessBase"]
[SourceDate "2002.11.25"]
[SourceVersion "1"]
[SourceVersionDate "2002.11.25"]
[SourceQuality "1"]

1. d4 Nf6 2. Nf3 g6 3. c4 d5 4. Nc3 Bg7 5. Bf4 c6 6. e3 0-0 7. a4 Qa5 8. Bd3 dxc4 9. Bxc4 Ne4 10. 0-0 Nxc3 11. Qd2 c5 12. bxc3 cxd4 13. exd4 Nc6 14. Bh6 e6 15. Rfb1 Qh5 16. Bxg7 Kxg7 17. d5 exd5 18. Bxd5 Rd8 19. c4 Ne5 20. Qc3 f6 21. Bxb7 Rd3 22. Qb4 Nxf3+ 23. Bxf3 Rxf3 24. Qe7+ Kh6 25. Qf8+ Kg5 26. gxf3 Qxf3 27. Qc5+ Bf5 28. Re1 Qg4+ 29. Kh1 Kh6 30. Qd5 Rc8 31. Rac1 Qg5 32. f3 Rc7 33. Red1 Rd7 34. Qc5 Qf4 35. Qa3 Rc7 36. Rc3 Bh3 37. Qc1 Kg5 38. Rd5+ Bf5 39. Qxf4+ Kxf4 40. Kg2 Kg5 41. Kg3 Kh6 42. a5 Kg7 43. c5 Bd7 44. c6 Rxc6 45. Rxd7+ 1-0